[Event "Turkish Second League 2019"]
[Site "Konya"]
[Date "2019.07.26"]
[Round "7"]
[White "Isik, Alparslan"]
[Black "Metin, Mehmet"]
[Result "1/2-1/2"]
[WhiteElo "2293"]
[BlackElo "2150"]
[Annotator "NA"]
[PlyCount "152"]
[EventDate "2019.07.22"]
[EventType "team-tourn"]
[EventCountry "TUR"]
[SourceTitle "playchess.com"]
[Source "ChessBase"]
[SourceQuality "1"]
[TimeControl "5400+30"]

1. d4 {[%emt 0:01:30]} d5 {[%emt 0:01:30]} 2. c4 {[%emt 0:00:30]} e6 {[%emt 0:00:00]} 3. Nf3 {[%emt 0:00:30]} Nf6 {[%emt 0:00:00]} 4. g3 {[%emt 0:00:30]} Be7 {[%emt 0:00:30]} 5. Bg2 {[%emt 0:00:30]} O-O {[%emt 0:00:30]} 6. O-O {[%emt 0:00:00]} c5 {[%emt 0:01:30]} 7. cxd5 {[%emt 0:01:00]} exd5 {[%emt 0:00:00]} 8. Nc3 {[%emt 0:01:30]} Nc6 {[%emt 0:06:00]} 9. dxc5 {[%emt 0:04:30]} Bxc5 {[%emt 0:01:30]} 10. a3 {[%emt 0:04:30]} a5 {[%emt 0:11:30]} 11. Bg5 {[%emt 0:10:30]} d4 {[%emt 0:01:30]} 12. Nb5 {[%emt 0:00:30]} Qb6 {[%emt 0:26:30]} 13. Qd3 {[%emt 0:14:30]} a4 {[%emt 0:11:30]} 14. Bf4 {[%emt 0:32:30]} Ra5 {[%emt 0:10:30]} 15. Nc7 {[%emt 0:02:30]} Be7 {[%emt 0:04:30]} 16. Qc4 {[%emt 0:14:19]} Bd8 {[%emt 0:04:06]} 17. Bd6 {[%emt 0:02:27]} Bxc7 {[%emt 0:00:34]} 18. Bxf8 {[%emt 0:00:30]} Be6 {[%emt 0:00:00]} 19. Qd3 {[%emt 0:00:58]} Kxf8 {[%emt 0:00:00]} 20. Rfd1 {[%emt 0:00:44]} Rd5 {[%emt 0:07:20]} 21. Qc2 {[%emt 0:01:25]} Qb3 {[%emt 0:01:09]} 22. Qxb3 {[%emt 0:01:39]} axb3 {[%emt 0:00:30]} 23. Rac1 {[%emt 0:00:30]} Rd7 {[%emt 0:00:30]} 24. Nd2 {[%emt 0:00:30]} Rd6 {[%emt 0:00:30]} 25. Nc4 {[%emt 0:00:30]} Rd7 {[%emt 0:00:30]} 26. Nd2 {[%emt 0:00:30]} Na5 {[%emt 0:00:30]} 27. Rc5 {[%emt 0:00:30]} Ke7 {[%emt 0:00:30]} 28. Nf3 {[%emt 0:00:30]} Ne4 {[%emt 0:00:30]} 29. Rb5 {[%emt 0:00:30]} Bc4 {[%emt 0:00:30]} 30. Rb4 {[%emt 0:00:30]} Bxe2 {[%emt 0:00:30]} 31. Rdxd4 {[%emt 0:00:30]} Bxf3 {[%emt 0:00:30]} 32. Rxd7+ {[%emt 0:00:30]} Kxd7 {[%emt 0:00:30]} 33. Bxf3 {[%emt 0:00:30]} Nc5 {[%emt 0:00:30]} 34. Rd4+ {[%emt 0:00:30]} Ke7 {[%emt 0:00:30]} 35. Be2 {[%emt 0:00:30]} Be5 {[%emt 0:00:30]} 36. Rd5 {[%emt 0:00:30]} Bd6 {[%emt 0:00:30]} 37. f4 {[%emt 0:00:30]} Ke6 {[%emt 0:00:30]} 38. Rd4 {[%emt 0:00:30]} Nc6 {[%emt 0:00:30]} 39. Bc4+ {[%emt 0:00:30]} Ke7 {[%emt 0:00:30]} 40. Rd2 {[%emt 0:01:56]} f5 {[%emt 0:08:56]} 41. Kg2 {[%emt 0:01:20]} h6 {[%emt 0:00:44]} 42. h4 {[%emt 0:00:46]} g6 {[%emt 0:00:44]} 43. Kf3 {[%emt 0:00:53]} Ne4 {[%emt 0:01:05]} 44. Rd5 {[%emt 0:00:01]} Nc5 {[%emt 0:00:41]} 45. h5 {[%emt 0:00:08]} gxh5 {[%emt 0:00:21]} 46. Rd2 {[%emt 0:00:01]} b6 {[%emt 0:00:16]} 47. Bd5 {[%emt 0:00:42]} Kd7 {[%emt 0:00:07]} 48. Ke3 {[%emt 0:00:16]} Ne7 {[%emt 0:00:18]} 49. Bf7 {[%emt 0:00:41]} h4 {[%emt 0:00:13]} 50. gxh4 {[%emt 0:00:13]} Kc6 {[%emt 0:01:00]} 51. Kf3 {[%emt 0:01:03]} Ne4 {[%emt 0:00:47]} 52. Rd3 {[%emt 0:00:25]} Nc5 {[%emt 0:00:21]} 53. Rd2 {[%emt 0:00:50]} Kc7 {[%emt 0:00:23]} 54. h5 {[%emt 0:00:07]} Nc6 {[%emt 0:00:22]} 55. Ke3 {[%emt 0:01:23]} Ne4 {[%emt 0:00:46]} 56. Rg2 {[%emt 0:00:31]} Bc5+ {[%emt 0:01:03]} 57. Kd3 {[%emt 0:00:09]} Nf2+ {[%emt 0:00:02]} 58. Kc4 {[%emt 0:00:28]} Nh3 {[%emt 0:00:30]} 59. Rg6 {[%emt 0:00:37]} Nxf4 {[%emt 0:00:16]} 60. Rxh6 {[%emt 0:00:06]} Ne5+ {[%emt 0:00:52]} 61. Kxb3 {[%emt 0:00:01]} Nxf7 {[%emt 0:00:54]} 62. Rh7 {[%emt 0:00:01]} Nxh5 {[%emt 0:00:05]} 63. Rxf7+ {[%emt 0:00:06]} Kc6 {[%emt 0:00:44]} 64. Rxf5 {[%emt 0:00:01]} Ng3 {[%emt 0:00:00]} 65. Rf6+ {[%emt 0:00:27]} Bd6 {[%emt 0:00:07]} 66. Rg6 {[%emt 0:00:42]} Nf5 {[%emt 0:00:13]} 67. Kc4 {[%emt 0:00:59]} b5+ {[%emt 0:00:30]} 68. Kd3 {[%emt 0:00:06]} Ne7 {[%emt 0:00:31]} 69. Rh6 {[%emt 0:00:26]} Nc8 {[%emt 0:00:55]} 70. Rg6 {[%emt 0:02:27]} Nb6 {[%emt 0:00:07]} 71. Kc3 {[%emt 0:00:00]} Na4+ {[%emt 0:01:04]} 72. Kb3 {[%emt 0:00:00]} Nc5+ {[%emt 0:00:16]} 73. Kb4 {[%emt 0:00:38]} Nd3+ {[%emt 0:00:43]} 74. Ka5 {[%emt 0:00:14]} Nxb2 {[%emt 0:00:41]} 75. Rxd6+ {[%emt 0:00:39]} Kxd6 {[%emt 0:00:30]} 76. Kxb5 {[%emt 0:00:00]} Kd5 {[%emt 0:00:03]} 1/2-1/2

[Event "Turkish Second League 2019"]
[Site "Konya"]
[Date "2019.07.26"]
[Round "7"]
[White "Topak, Engin"]
[Black "Buyukasik, Diyap"]
[Result "1/2-1/2"]
[WhiteElo "2206"]
[BlackElo "2268"]
[Annotator "NA"]
[PlyCount "68"]
[EventDate "2019.07.22"]
[EventType "team-tourn"]
[EventCountry "TUR"]
[SourceTitle "playchess.com"]
[Source "ChessBase"]
[SourceQuality "1"]
[TimeControl "5400+30"]

1. c4 {[%emt 0:00:30]} Nf6 {[%emt 0:01:30]} 2. Nc3 {[%emt 0:00:00]} e5 {[%emt 0:00:30]} 3. g3 {[%emt 0:03:00]} Nc6 {[%emt 0:00:30]} 4. Bg2 {[%emt 0:00:30]} Bb4 {[%emt 0:00:30]} 5. Nf3 {[%emt 0:06:30]} O-O {[%emt 0:09:30]} 6. O-O {[%emt 0:00:30]} d6 {[%emt 0:03:30]} 7. Ne1 {[%emt 0:22:30]} Be6 {[%emt 0:09:30]} 8. Nd5 {[%emt 0:05:30]} Bc5 {[%emt 0:01:30]} 9. Nc2 {[%emt 0:06:30]} a5 {[%emt 0:11:30]} 10. e3 {[%emt 0:11:30]} e4 {[%emt 0:07:30]} 11. Nxf6+ {[%emt 0:09:30]} Qxf6 {[%emt 0:00:30]} 12. Bxe4 {[%emt 0:00:30]} Bxc4 {[%emt 0:03:30]} 13. d3 {[%emt 0:01:30]} Ba6 {[%emt 0:01:30]} 14. Re1 {[%emt 0:02:30]} d5 {[%emt 0:10:30]} 15. Bg2 {[%emt 0:13:59]} d4 {[%emt 0:17:59]} 16. Bxc6 {[%emt 0:04:04]} dxe3 {[%emt 0:01:41]} 17. Bxe3 {[%emt 0:00:13]} Bxe3 {[%emt 0:01:15]} 18. Qf3 {[%emt 0:05:18]} Bxf2+ {[%emt 0:02:14]} 19. Kxf2 {[%emt 0:00:14]} Qxb2 {[%emt 0:01:42]} 20. Ba4 {[%emt 0:00:58]} b5 {[%emt 0:00:25]} 21. Bb3 {[%emt 0:02:36]} a4 {[%emt 0:00:18]} 22. d4 {[%emt 0:01:32]} Bb7 {[%emt 0:07:10]} 23. Qd3 {[%emt 0:00:52]} axb3 {[%emt 0:00:59]} 24. Qxb3 {[%emt 0:00:08]} Qxb3 {[%emt 0:00:34]} 25. axb3 {[%emt 0:00:01]} Bd5 {[%emt 0:00:09]} 26. b4 {[%emt 0:00:41]} Bb3 {[%emt 0:02:38]} 27. Ne3 {[%emt 0:00:20]} Rfd8 {[%emt 0:01:50]} 28. Rxa8 {[%emt 0:00:49]} Rxa8 {[%emt 0:00:01]} 29. Rc1 {[%emt 0:00:00]} Ra7 {[%emt 0:01:30]} 30. Rc5 {[%emt 0:00:00]} Rb7 {[%emt 0:00:34]} 31. d5 {[%emt 0:02:04]} Kf8 {[%emt 0:00:33]} 32. Nf5 {[%emt 0:00:09]} g6 {[%emt 0:00:39]} 33. d6 {[%emt 0:00:19]} c6 {[%emt 0:01:38]} 34. Nd4 {[%emt 0:00:47]} Bd5 {[%emt 0:00:22]} 1/2-1/2

[Event "Turkish Second League 2019"]
[Site "Konya"]
[Date "2019.07.26"]
[Round "7"]
[White "Temizkan, Denizcan"]
[Black "Tofan, Ibrahim"]
[Result "0-1"]
[WhiteElo "2202"]
[BlackElo "2043"]
[Annotator "NA"]
[PlyCount "110"]
[EventDate "2019.07.22"]
[EventType "team-tourn"]
[EventCountry "TUR"]
[SourceTitle "playchess.com"]
[Source "ChessBase"]
[SourceQuality "1"]
[TimeControl "5400+30"]

1. d4 {[%emt 0:00:30]} d5 {[%emt 0:00:30]} 2. c4 {[%emt 0:00:30]} c6 {[%emt 0:00:00]} 3. e3 {[%emt 0:00:00]} Nf6 {[%emt 0:00:00]} 4. Nf3 {[%emt 0:00:00]} Bf5 {[%emt 0:00:30]} 5. Nc3 {[%emt 0:00:30]} e6 {[%emt 0:00:30]} 6. Bd3 {[%emt 0:00:30]} Bxd3 {[%emt 0:00:30]} 7. Qxd3 {[%emt 0:00:30]} Nbd7 {[%emt 0:00:00]} 8. O-O {[%emt 0:00:30]} Be7 {[%emt 0:00:00]} 9. Rd1 {[%emt 0:18:30]} O-O {[%emt 0:05:30]} 10. e4 {[%emt 0:04:30]} dxe4 {[%emt 0:00:30]} 11. Nxe4 {[%emt 0:00:30]} Qc7 {[%emt 0:01:30]} 12. Bg5 {[%emt 0:04:30]} Rfe8 {[%emt 0:09:30]} 13. Bh4 {[%emt 0:07:30]} Nxe4 {[%emt 0:01:30]} 14. Qxe4 {[%emt 0:00:30]} Bxh4 {[%emt 0:00:30]} 15. Qxh4 {[%emt 0:00:00]} Qd8 {[%emt 0:00:30]} 16. Qf4 {[%emt 0:02:00]} Qe7 {[%emt 0:03:30]} 17. Re1 {[%emt 0:01:30]} Rad8 {[%emt 0:02:30]} 18. Re3 {[%emt 0:02:30]} Nf8 {[%emt 0:03:30]} 19. Rae1 {[%emt 0:00:30]} Qf6 {[%emt 0:03:30]} 20. Qc7 {[%emt 0:07:30]} Rd7 {[%emt 0:07:30]} 21. Qa5 {[%emt 0:00:30]} a6 {[%emt 0:00:30]} 22. g3 {[%emt 0:13:30]} Rc8 {[%emt 0:16:30]} 23. Ne5 {[%emt 0:05:30]} Qd8 {[%emt 0:01:30]} 24. Qb4 {[%emt 0:00:00]} a5 {[%emt 0:06:30]} 25. Qb3 {[%emt 0:01:00]} Rxd4 {[%emt 0:01:30]} 26. Qxb7 {[%emt 0:00:00]} Qc7 {[%emt 0:02:30]} 27. Qa6 {[%emt 0:03:00]} Nd7 {[%emt 0:09:30]} 28. Nf3 {[%emt 0:03:30]} Nc5 {[%emt 0:00:30]} 29. Qxc8+ {[%emt 0:00:00]} Qxc8 {[%emt 0:00:00]} 30. Nxd4 {[%emt 0:00:00]} Qa6 {[%emt 0:01:00]} 31. Rc1 {[%emt 0:03:30]} g6 {[%emt 0:02:30]} 32. Nb3 {[%emt 0:01:30]} Nd7 {[%emt 0:02:02]} 33. Nd2 {[%emt 0:02:41]} Kg7 {[%emt 0:00:52]} 34. Nf3 {[%emt 0:02:13]} h5 {[%emt 0:01:41]} 35. b3 {[%emt 0:01:37]} Nf6 {[%emt 0:02:45]} 36. Ne5 {[%emt 0:00:52]} c5 {[%emt 0:00:42]} 37. Rd1 {[%emt 0:01:24]} a4 {[%emt 0:00:11]} 38. h3 {[%emt 0:03:13]} axb3 {[%emt 0:00:39]} 39. axb3 {[%emt 0:00:06]} Qa2 {[%emt 0:00:46]} 40. Nd7 {[%emt 0:03:33]} Qc2 {[%emt 0:00:43]} 41. Rdd3 {[%emt 0:00:01]} Ne4 {[%emt 0:01:13]} 42. Rxe4 {[%emt 0:02:11]} Qxd3 {[%emt 0:02:49]} 43. Nxc5 {[%emt 0:00:06]} Qd6 {[%emt 0:01:15]} 44. b4 {[%emt 0:00:42]} e5 {[%emt 0:00:07]} 45. Re3 {[%emt 0:01:49]} Qd4 {[%emt 0:01:38]} 46. Re4 {[%emt 0:00:17]} Qa1+ {[%emt 0:01:17]} 47. Kg2 {[%emt 0:00:56]} f5 {[%emt 0:00:03]} 48. Re3 {[%emt 0:00:00]} g5 {[%emt 0:02:56]} 49. b5 {[%emt 0:01:47]} f4 {[%emt 0:00:47]} 50. Rb3 {[%emt 0:00:31]} Qa8+ {[%emt 0:00:32]} 51. Kh2 {[%emt 0:03:00]} Qc8 {[%emt 0:00:27]} 52. Nd7 {[%emt 0:03:28]} Qxd7 {[%emt 0:01:26]} 53. b6 {[%emt 0:00:06]} Qd4 {[%emt 0:00:25]} 54. Kg2 {[%emt 0:00:41]} Qxc4 {[%emt 0:00:30]} 55. Rb2 {[%emt 0:00:00]} f3+ {[%emt 0:00:18]} 0-1

[Event "Turkish Second League 2019"]
[Site "Konya"]
[Date "2019.07.26"]
[Round "7"]
[White "Kara, Yanki"]
[Black "Ozates, Tuna"]
[Result "0-1"]
[WhiteElo "2193"]
[BlackElo "2218"]
[Annotator "NA"]
[PlyCount "42"]
[EventDate "2019.07.22"]
[EventType "team-tourn"]
[EventCountry "TUR"]
[SourceTitle "playchess.com"]
[Source "ChessBase"]
[SourceQuality "1"]
[TimeControl "5400+30"]

1. d4 {[%emt 0:00:30]} d5 {[%emt 0:00:30]} 2. Nf3 {[%emt 0:00:30]} Nf6 {[%emt 0:00:00]} 3. c4 {[%emt 0:00:30]} c6 {[%emt 0:00:00]} 4. Nc3 {[%emt 0:00:00]} e6 {[%emt 0:00:00]} 5. e3 {[%emt 0:01:00]} Nbd7 {[%emt 0:00:00]} 6. Bd3 {[%emt 0:00:00]} dxc4 {[%emt 0:00:30]} 7. Bxc4 {[%emt 0:00:00]} b5 {[%emt 0:00:00]} 8. Bd3 {[%emt 0:02:30]} Bd6 {[%emt 0:00:00]} 9. e4 {[%emt 0:00:30]} e5 {[%emt 0:00:00]} 10. Ne2 {[%emt 0:02:30]} O-O {[%emt 0:10:00]} 11. O-O {[%emt 0:02:30]} a6 {[%emt 0:04:30]} 12. h3 {[%emt 0:09:30]} c5 {[%emt 0:11:30]} 13. dxe5 {[%emt 0:03:30]} Nxe5 {[%emt 0:04:30]} 14. Nxe5 {[%emt 0:01:30]} Bxe5 {[%emt 0:00:30]} 15. f4 {[%emt 0:00:00]} Bd4+ {[%emt 0:00:00]} 16. Kh2 {[%emt 0:02:00]} Bb7 {[%emt 0:12:00]} 17. Ng3 {[%emt 0:06:30]} h5 {[%emt 0:13:30]} 18. e5 {[%emt 0:03:30]} Ng4+ {[%emt 0:00:30]} 19. Kh1 {[%emt 0:00:30]} Qh4 {[%emt 0:00:30]} 20. Ne4 {[%emt 0:00:30]} Bxe4 {[%emt 0:01:30]} 21. Bxe4 {[%emt 0:00:30]} Qg3 {[%emt 0:00:00]} 0-1

[Event "Turkish Second League 2019"]
[Site "Konya"]
[Date "2019.07.26"]
[Round "7"]
[White "Demirbag, Alihan"]
[Black "Oztekin, Kerem Can"]
[Result "1/2-1/2"]
[WhiteElo "2087"]
[BlackElo "1933"]
[Annotator "NA"]
[PlyCount "60"]
[EventDate "2019.07.22"]
[EventType "team-tourn"]
[EventCountry "TUR"]
[SourceTitle "playchess.com"]
[Source "ChessBase"]
[SourceQuality "1"]
[TimeControl "5400+30"]

1. e4 {[%emt 0:01:30]} c5 {[%emt 0:00:30]} 2. Nc3 {[%emt 0:00:30]} a6 {[%emt 0:00:30]} 3. g3 {[%emt 0:00:30]} b5 {[%emt 0:01:30]} 4. Bg2 {[%emt 0:00:30]} Bb7 {[%emt 0:00:00]} 5. d3 {[%emt 0:01:30]} e6 {[%emt 0:00:00]} 6. Nh3 {[%emt 0:04:30]} b4 {[%emt 0:01:30]} 7. Ne2 {[%emt 0:00:30]} d5 {[%emt 0:04:30]} 8. e5 {[%emt 0:03:30]} Nc6 {[%emt 0:13:30]} 9. f4 {[%emt 0:00:00]} f6 {[%emt 0:12:30]} 10. O-O {[%emt 0:03:00]} Qc7 {[%emt 0:10:30]} 11. f5 {[%emt 0:05:30]} fxe5 {[%emt 0:08:30]} 12. fxe6 {[%emt 0:01:30]} O-O-O {[%emt 0:03:30]} 13. Bg5 {[%emt 0:25:30]} Be7 {[%emt 0:02:30]} 14. c3 {[%emt 0:08:30]} Nf6 {[%emt 0:03:30]} 15. Rc1 {[%emt 0:09:30]} h6 {[%emt 0:07:30]} 16. Bxf6 {[%emt 0:00:00]} gxf6 {[%emt 0:03:30]} 17. cxb4 {[%emt 0:01:00]} cxb4 {[%emt 0:01:30]} 18. Qb3 {[%emt 0:03:30]} Qb6+ {[%emt 0:01:30]} 19. Kh1 {[%emt 0:01:30]} Kb8 {[%emt 0:00:30]} 20. Nhg1 {[%emt 0:09:59]} Na5 {[%emt 0:04:02]} 21. Qa4 {[%emt 0:00:43]} Bc6 {[%emt 0:04:14]} 22. Qd1 {[%emt 0:00:15]} Bb7 {[%emt 0:00:13]} 23. Qa4 {[%emt 0:00:21]} Bc6 {[%emt 0:00:13]} 24. Qd1 {[%emt 0:00:04]} Bb7 {[%emt 0:00:51]} 25. Qa4 {[%emt 0:01:16]} Bc6 {[%emt 0:00:47]} 26. Qd1 {[%emt 0:00:01]} Bb7 {[%emt 0:03:36]} 27. Qa4 {[%emt 0:00:02]} Bc6 {[%emt 0:00:27]} 28. Qd1 {[%emt 0:00:00]} Bb7 {[%emt 0:00:12]} 29. Qa4 {[%emt 0:00:01]} Bc6 {[%emt 0:00:13]} 30. Qd1 {[%emt 0:00:04]} Bb7 {[%emt 0:00:00]} 1/2-1/2

[Event "Turkish Second League 2019"]
[Site "Konya"]
[Date "2019.07.26"]
[Round "7"]
[White "Duman, Aydin"]
[Black "Ozsakallioglu, Akin"]
[Result "1-0"]
[WhiteElo "2059"]
[BlackElo "1901"]
[Annotator "NA"]
[PlyCount "85"]
[EventDate "2019.07.22"]
[EventType "team-tourn"]
[EventCountry "TUR"]
[SourceTitle "playchess.com"]
[Source "ChessBase"]
[SourceQuality "1"]
[TimeControl "5400+30"]

1. e4 {[%emt 0:00:30]} c5 {[%emt 0:00:30]} 2. Nf3 {[%emt 0:00:00]} d6 {[%emt 0:00:30]} 3. Bb5+ {[%emt 0:00:00]} Bd7 {[%emt 0:00:00]} 4. Bxd7+ {[%emt 0:00:30]} Qxd7 {[%emt 0:00:00]} 5. O-O {[%emt 0:00:00]} Nc6 {[%emt 0:00:00]} 6. c3 {[%emt 0:00:00]} Nf6 {[%emt 0:00:00]} 7. d4 {[%emt 0:00:00]} cxd4 {[%emt 0:00:30]} 8. cxd4 {[%emt 0:00:00]} g6 {[%emt 0:00:30]} 9. Nc3 {[%emt 0:00:30]} Bg7 {[%emt 0:00:30]} 10. Bg5 {[%emt 0:00:30]} h6 {[%emt 0:01:30]} 11. Bh4 {[%emt 0:00:00]} O-O {[%emt 0:04:30]} 12. Qa4 {[%emt 0:03:00]} g5 {[%emt 0:04:30]} 13. Bg3 {[%emt 0:00:30]} Nh5 {[%emt 0:00:30]} 14. Rfd1 {[%emt 0:07:30]} Nxg3 {[%emt 0:00:30]} 15. hxg3 {[%emt 0:00:30]} Rfd8 {[%emt 0:11:30]} 16. Rac1 {[%emt 0:00:30]} Nb8 {[%emt 0:02:30]} 17. d5 {[%emt 0:09:30]} Qxa4 {[%emt 0:10:30]} 18. Nxa4 {[%emt 0:00:30]} Na6 {[%emt 0:00:30]} 19. Nd4 {[%emt 0:01:30]} Bxd4 {[%emt 0:00:30]} 20. Rxd4 {[%emt 0:00:30]} Rac8 {[%emt 0:00:00]} 21. Rxc8 {[%emt 0:04:30]} Rxc8 {[%emt 0:00:00]} 22. Nc3 {[%emt 0:00:30]} Kf8 {[%emt 0:02:30]} 23. Kf1 {[%emt 0:01:30]} Ke8 {[%emt 0:01:30]} 24. Ke2 {[%emt 0:01:30]} Kd7 {[%emt 0:00:30]} 25. Rd1 {[%emt 0:00:30]} Rh8 {[%emt 0:02:30]} 26. Rh1 {[%emt 0:04:30]} Nc7 {[%emt 0:01:30]} 27. f4 {[%emt 0:01:30]} f6 {[%emt 0:02:30]} 28. Nd1 {[%emt 0:07:30]} Ne8 {[%emt 0:00:30]} 29. Ne3 {[%emt 0:01:30]} Ng7 {[%emt 0:00:30]} 30. fxg5 {[%emt 0:10:30]} fxg5 {[%emt 0:00:30]} 31. g4 {[%emt 0:00:30]} e6 {[%emt 0:03:30]} 32. Rf1 {[%emt 0:00:30]} Ke7 {[%emt 0:01:30]} 33. dxe6 {[%emt 0:02:30]} Kxe6 {[%emt 0:00:00]} 34. Nd5 {[%emt 0:00:30]} Ne8 {[%emt 0:01:00]} 35. Kd3 {[%emt 0:00:30]} h5 {[%emt 0:00:30]} 36. gxh5 {[%emt 0:01:30]} Rxh5 {[%emt 0:00:30]} 37. Rf8 {[%emt 0:00:00]} Ng7 {[%emt 0:00:30]} 38. Kd4 {[%emt 0:00:00]} Rh6 {[%emt 0:00:30]} 39. Rb8 {[%emt 0:02:30]} Rh1 {[%emt 0:00:00]} 40. Rxb7 {[%emt 0:00:30]} Rd1+ {[%emt 0:00:00]} 41. Kc3 {[%emt 0:00:00]} Ke5 {[%emt 0:00:30]} 42. Rxg7 {[%emt 0:00:00]} Kxe4 {[%emt 0:00:00]} 43. Rxg5 {[%emt 0:00:30]} 1-0

[Event "Turkish Second League 2019"]
[Site "Konya"]
[Date "2019.07.26"]
[Round "7"]
[White "Ozdemir, Serhan Berat"]
[Black "Abdullahoglu, Diren Can"]
[Result "1-0"]
[WhiteElo "1985"]
[BlackElo "1889"]
[Annotator "NA"]
[PlyCount "99"]
[EventDate "2019.07.22"]
[EventType "team-tourn"]
[EventCountry "TUR"]
[SourceTitle "playchess.com"]
[Source "ChessBase"]
[SourceQuality "1"]
[TimeControl "5400+30"]

1. e4 {[%emt 0:00:30]} c5 {[%emt 0:01:30]} 2. Nf3 {[%emt 0:00:00]} e6 {[%emt 0:00:00]} 3. c3 {[%emt 0:00:00]} b6 {[%emt 0:01:00]} 4. d4 {[%emt 0:01:30]} Bb7 {[%emt 0:01:30]} 5. Bd3 {[%emt 0:02:30]} Qc7 {[%emt 0:05:30]} 6. O-O {[%emt 0:00:30]} g6 {[%emt 0:04:30]} 7. Re1 {[%emt 0:10:30]} Bg7 {[%emt 0:05:30]} 8. e5 {[%emt 0:00:00]} Ne7 {[%emt 0:03:30]} 9. Na3 {[%emt 0:00:00]} a6 {[%emt 0:00:30]} 10. Bg5 {[%emt 0:03:30]} Nc8 {[%emt 0:11:30]} 11. Nc4 {[%emt 0:04:30]} b5 {[%emt 0:02:30]} 12. Ne3 {[%emt 0:00:30]} h6 {[%emt 0:03:30]} 13. Bh4 {[%emt 0:00:30]} g5 {[%emt 0:09:30]} 14. Bg3 {[%emt 0:00:00]} c4 {[%emt 0:05:30]} 15. Bc2 {[%emt 0:01:00]} Nb6 {[%emt 0:01:30]} 16. h4 {[%emt 0:00:30]} gxh4 {[%emt 0:01:30]} 17. Nxh4 {[%emt 0:00:30]} h5 {[%emt 0:01:30]} 18. Qe2 {[%emt 0:04:30]} Kd8 {[%emt 0:10:30]} 19. Rad1 {[%emt 0:09:30]} Bf8 {[%emt 0:03:30]} 20. d5 {[%emt 0:03:30]} Kc8 {[%emt 0:03:30]} 21. Qf3 {[%emt 0:03:30]} Bc5 {[%emt 0:02:30]} 22. Qf6 {[%emt 0:00:30]} Qd8 {[%emt 0:01:41]} 23. dxe6 {[%emt 0:08:30]} fxe6 {[%emt 0:01:10]} 24. Ng6 {[%emt 0:01:30]} Rg8 {[%emt 0:02:07]} 25. Bh4 {[%emt 0:01:30]} Qe8 {[%emt 0:01:03]} 26. b4 {[%emt 0:03:30]} Bf8 {[%emt 0:02:10]} 27. a4 {[%emt 0:04:30]} Kc7 {[%emt 0:02:22]} 28. a5 {[%emt 0:03:30]} Nc8 {[%emt 0:00:42]} 29. Rd2 {[%emt 0:05:30]} Bh6 {[%emt 0:04:30]} 30. g3 {[%emt 0:06:30]} Bxe3 {[%emt 0:01:54]} 31. Rxe3 {[%emt 0:01:30]} Nc6 {[%emt 0:01:05]} 32. Re1 {[%emt 0:00:30]} Nd8 {[%emt 0:02:57]} 33. Red1 {[%emt 0:01:30]} Bc6 {[%emt 0:00:01]} 34. Nf4 {[%emt 0:00:46]} Qf7 {[%emt 0:02:51]} 35. Bg6 {[%emt 0:00:46]} Qxf6 {[%emt 0:02:13]} 36. exf6 {[%emt 0:00:10]} e5 {[%emt 0:00:00]} 37. f7 {[%emt 0:00:39]} Nxf7 {[%emt 0:00:06]} 38. Bxf7 {[%emt 0:00:09]} Rf8 {[%emt 0:00:43]} 39. Nd5+ {[%emt 0:00:30]} Kb7 {[%emt 0:00:23]} 40. Bxh5 {[%emt 0:00:30]} Rh8 {[%emt 0:00:41]} 41. Bf3 {[%emt 0:00:00]} e4 {[%emt 0:00:19]} 42. Bxe4 {[%emt 0:01:00]} Nd6 {[%emt 0:00:30]} 43. Bg2 {[%emt 0:00:00]} Nf5 {[%emt 0:00:34]} 44. Ne7 {[%emt 0:00:00]} Bxg2 {[%emt 0:00:49]} 45. Rxd7+ {[%emt 0:00:30]} Kb8 {[%emt 0:00:19]} 46. Kxg2 {[%emt 0:00:30]} Nxe7 {[%emt 0:01:04]} 47. Bxe7 {[%emt 0:00:30]} Ra7 {[%emt 0:00:00]} 48. Rxa7 {[%emt 0:00:00]} Kxa7 {[%emt 0:00:16]} 49. Rd7+ {[%emt 0:00:00]} Kb8 {[%emt 0:00:30]} 50. Rd8+ {[%emt 0:00:00]} 1-0

[Event "Turkish Second League 2019"]
[Site "Konya"]
[Date "2019.07.26"]
[Round "7"]
[White "Yigit, Ahmet Yasir"]
[Black "Dinke, Abdullah"]
[Result "1-0"]
[WhiteElo "1962"]
[BlackElo "1870"]
[Annotator "NA"]
[PlyCount "65"]
[EventDate "2019.07.22"]
[EventType "team-tourn"]
[EventCountry "TUR"]
[SourceTitle "playchess.com"]
[Source "ChessBase"]
[SourceQuality "1"]
[TimeControl "5400+30"]

1. e4 {[%emt 0:00:30]} e6 {[%emt 0:01:30]} 2. d4 {[%emt 0:00:30]} d5 {[%emt 0:00:00]} 3. Nc3 {[%emt 0:00:00]} Bb4 {[%emt 0:00:00]} 4. e5 {[%emt 0:00:00]} c5 {[%emt 0:00:00]} 5. Bd2 {[%emt 0:00:00]} Ne7 {[%emt 0:00:00]} 6. f4 {[%emt 0:01:00]} Nf5 {[%emt 0:05:30]} 7. Nf3 {[%emt 0:00:30]} cxd4 {[%emt 0:07:30]} 8. Nb5 {[%emt 0:02:30]} Ne3 {[%emt 0:00:30]} 9. Qc1 {[%emt 0:02:30]} Bc5 {[%emt 0:01:30]} 10. Nbxd4 {[%emt 0:04:30]} Nxf1 {[%emt 0:00:00]} 11. Kxf1 {[%emt 0:00:30]} O-O {[%emt 0:02:00]} 12. g3 {[%emt 0:03:30]} Nc6 {[%emt 0:00:30]} 13. c3 {[%emt 0:00:30]} Bd7 {[%emt 0:00:30]} 14. Be3 {[%emt 0:01:30]} Be7 {[%emt 0:01:30]} 15. Kg2 {[%emt 0:01:30]} a6 {[%emt 0:00:30]} 16. h4 {[%emt 0:00:30]} Qc7 {[%emt 0:00:00]} 17. Qd2 {[%emt 0:07:30]} Rac8 {[%emt 0:03:00]} 18. Rae1 {[%emt 0:02:30]} b5 {[%emt 0:05:30]} 19. a3 {[%emt 0:02:30]} Na5 {[%emt 0:01:30]} 20. Bf2 {[%emt 0:00:30]} Nc4 {[%emt 0:14:30]} 21. Qc2 {[%emt 0:00:00]} h6 {[%emt 0:08:30]} 22. g4 {[%emt 0:10:00]} f6 {[%emt 0:10:30]} 23. Bg3 {[%emt 0:08:30]} fxe5 {[%emt 0:00:30]} 24. fxe5 {[%emt 0:01:30]} Qb6 {[%emt 0:03:30]} 25. g5 {[%emt 0:11:30]} Be8 {[%emt 0:02:30]} 26. gxh6 {[%emt 0:10:30]} gxh6 {[%emt 0:03:30]} 27. Ng5 {[%emt 0:01:30]} hxg5 {[%emt 0:08:30]} 28. hxg5 {[%emt 0:00:00]} Rf7 {[%emt 0:00:00]} 29. Qg6+ {[%emt 0:00:00]} Rg7 {[%emt 0:01:00]} 30. Qh6 {[%emt 0:00:30]} Bg6 {[%emt 0:12:15]} 31. Qh8+ {[%emt 0:00:30]} Kf7 {[%emt 0:00:02]} 32. Ref1+ {[%emt 0:00:30]} Bf5 {[%emt 0:00:18]} 33. g6+ {[%emt 0:00:30]} 1-0